ՀՀ Գիտությունների ազգային ակադեմիայի հիմնարար գիտական գրադարան  =   Fundamental Scientific Library of NAS RA

Հակոբ Կարապենցը և ժամանակակից հայ գրականությունը / (Record no. 540843)

MARC details
000 -LEADER
fixed length control field 01269nam a2200277 a 4500
001 - CONTROL NUMBER
control field 2021177
003 - CONTROL NUMBER IDENTIFIER
control field AM-YEHGA
005 - DATE AND TIME OF LATEST TRANSACTION
control field 20260327132819.0
006 - FIXED-LENGTH DATA ELEMENTS--ADDITIONAL MATERIAL CHARACTERISTICS
fixed length control field ao|||fr|||| 000 0b
007 - PHYSICAL DESCRIPTION FIXED FIELD--GENERAL INFORMATION
fixed length control field ta
008 - FIXED-LENGTH DATA ELEMENTS--GENERAL INFORMATION
fixed length control field 250604s2023 ai o|||fr|||||||||0barm|d
020 ## - INTERNATIONAL STANDARD BOOK NUMBER
International Standard Book Number 978-9939-9310-1-2
040 ## - CATALOGING SOURCE
Original cataloging agency AM-YEHGA
041 0# - LANGUAGE CODE
Language code of text/sound track or separate title arm
100 1# - MAIN ENTRY--PERSONAL NAME
Personal name Ափինյան, Աբգար Գևորգի,
Dates associated with a name 1960-
9 (RLIN) 2331
245 10 - TITLE STATEMENT
Title Հակոբ Կարապենցը և ժամանակակից հայ գրականությունը /
Statement of responsibility, etc. Ա.Գ. Ափինյան.
260 2# - PUBLICATION, DISTRIBUTION, ETC.
Place of publication, distribution, etc. Երևան :
Name of publisher, distributor, etc. Համահայկական գրողների միության հրատ.,
Date of publication, distribution, etc. 2023.
300 ## - PHYSICAL DESCRIPTION
Extent 39 էջ ։
Other physical details լուսանկար ;
Dimensions 21 սմ.
490 0# - SERIES STATEMENT
Series statement Ժամանակակից գրականագիտական մատենաշար ;
Volume/sequential designation Հ
490 0# - SERIES STATEMENT
Series statement «Ավանդույթները և գեղարվեստական զարգացումը» մատենաշար
504 ## - BIBLIOGRAPHY, ETC. NOTE
Bibliography, etc. note Տողատակերում՝ մատենագիտական ծանոթագրություններ ։
600 14 - SUBJECT ADDED ENTRY--PERSONAL NAME
Personal name Կարապենց, Հակոբ,
Dates associated with a name 1925-1994
9 (RLIN) 3644
600 14 - SUBJECT ADDED ENTRY--PERSONAL NAME
Personal name Կարապենց, Հակոբ,
Dates associated with a name 1925-1994
General subdivision Քննադատություն և վերլուծություն
650 14 - SUBJECT ADDED ENTRY--TOPICAL TERM
Topical term or geographic name entry element Հայ գրողներ
Form subdivision Կենսագրություն
942 ## - ADDED ENTRY ELEMENTS (KOHA)
Source of classification or shelving scheme Universal Decimal Classification
Koha item type Գրքեր / Books
Holdings
Withdrawn status Lost status Source of classification or shelving scheme Damaged status Not for loan Collection Home library Current library Date acquired Total checkouts Full call number Barcode Date last seen Price effective from Koha item type Public note
    Universal Decimal Classification     General Fundamental Scientific Library Fundamental Scientific Library 09/12/2025   AII/113983 FL0700591 09/12/2025 09/12/2025 Գրքեր / Books 30 Days Loan


ՀՀ ԳԱԱ հիմնարար գիտական գրադարան
ՀՀ,Երևան 0019
Մարշալ Բաղրամյան 24/6
հեռախոս:(374-10) 52-47-50
Հետադարձ կապ

All site content, except where otherwise noted, is licensed under a
Creative Commons License